000 00815nam a2200205 a 4500
008 120416s1985 ||||||||||||||||| || u
020 _a9024731631
050 _aKJ 857 Bas
100 _aSiekmann, Robert C. P
245 1 0 _aBasic documents on United Nations and related peace keeping forces
_ccompiled by Robert C. P. Siekmann
260 _aDordrecht
_bMartinus Nijhoff
_c1985
300 _axviii, 273p.
350 _a0.00
500 _aAt head of title: T.M.C. Asser Instituut. -Includes index.
650 _aMultinational Force and Observers
650 _aUNITED NATIONS--ARMED FORCES
650 _aGOVERNMENT
710 _aT.M.C. Asser Instituut
995 _D0.00
_FCBU-MAIN LIBRARY (Kitwe)
_H1
_I38.75
_M1
_UAVAILABLE
_ZAnnex Low-Usage Collection
999 _c35520
_d35520